[Event "Reggio Calabria Province-ch"]
[Site "Calabria"]
[Date "2012.05.06"]
[Round "4"]
[White "Vazzana, Antonio"]
[Black "Falcomata, Gesualdo"]
[Result "0-1"]
[WhiteElo "1712"]
[BlackElo "2065"]
[PlyCount "64"]
[EventDate "2012.05.04"]
[EventType "swiss"]
[EventRounds "5"]
[EventCountry "ITA"]
[SourceTitle "EXT 2014"]
[Source "ChessBase"]
[SourceDate "2013.11.20"]
[SourceVersion "1"]
[SourceVersionDate "2013.11.20"]
[SourceQuality "1"]

1. c4 e5 2. Nc3 f5 3. Nf3 Nc6 4. g3 Nf6 5. Bg2 e4 6. Ng5 Ng4 7. Nh3 Bc5 8. b3 a5 9. Bb2 0-0 10. 0-0 Rf6 11. Nxe4 fxe4 12. Bxf6 Nxf6 13. d3 e3 14. f3 d5 15. Nf4 d4 16. a3 Bd6 17. Nd5 Be6 18. f4 Bxd5 19. cxd5 Ne7 20. Qc2 h5 21. h3 Nf5 22. Kh2 Qe7 23. b4 axb4 24. axb4 Rxa1 25. Rxa1 h4 26. Ra8+ Kf7 27. Bf3 hxg3+ 28. Kg2 Nh4+ 29. Kxg3 Nxf3 30. Kxf3 Qd7 31. Rh8 Qf5 32. Rh4 g5 0-1

[Event "St Eufemia d'Aspromonte op-B 4th"]
[Site "St Eufemia d'Aspromonte"]
[Date "2011.01.05"]
[Round "6"]
[White "Paragliola, Gennaro"]
[Black "Vazzana, Antonio"]
[Result "0-1"]
[WhiteElo "1603"]
[BlackElo "1497"]
[PlyCount "116"]
[EventDate "2011.01.02"]
[EventType "swiss"]
[EventRounds "8"]
[EventCountry "ITA"]
[SourceTitle "EXT 2013"]
[Source "ChessBase"]
[SourceDate "2012.11.22"]
[SourceVersion "1"]
[SourceVersionDate "2012.11.22"]
[SourceQuality "1"]

1. d4 Nf6 2. c4 e6 3. Nc3 Bb4 4. Nf3 b6 5. Bg5 h6 6. Bh4 c5 7. e3 Bb7 8. Be2 cxd4 9. exd4 d6 10. 0-0 Bxc3 11. bxc3 0-0 12. d5 exd5 13. cxd5 Nbd7 14. c4 Nc5 15. Nd4 Re8 16. Qc2 Re4 17. Nf5 Bc8 18. Bxf6 Qxf6 19. Ng3 Re5 20. f4 Re3 21. Qc1 Qe7 22. Qc2 Bd7 23. Rfe1 Re8 24. Rad1 h5 25. Rd2 Bg4 26. Kf2 h4 27. Nf1 Nd3+ 28. Rxd3 Rxe2+ 29. Rxe2 Qxe2+ 30. Qxe2 Rxe2+ 31. Kg1 Rxa2 32. Re3 Kf8 33. g3 h3 34. Re1 Bf3 35. Ne3 Re2 36. Rxe2 Bxe2 37. Kf2 Bd3 38. Ke1 g6 39. Kd2 Bf5 40. Kc3 Bd7 41. Kb4 Ke8 42. g4 Kd8 43. f5 Kc7 44. f6 a5+ 45. Ka3 b5 46. cxb5 Bxb5 47. g5 Kb6 48. Ng4 Kc5 49. Nh6 Be8 50. Ng8 Kxd5 51. Ne7+ Ke4 52. Nc8 Ke5 53. Ne7 d5 54. Kb3 d4 55. Kc4 a4 56. Nd5 Bd7 57. Nb6 Be6+ 58. Kd3 a3 0-1

[Event "Costa Viola op 3rd"]
[Site "St Eufemia d'Aspromonte"]
[Date "2010.01.05"]
[Round "7"]
[White "Vazzana, Antonio"]
[Black "Rizzuti, Pasquale"]
[Result "0-1"]
[WhiteElo "1449"]
[BlackElo "1821"]
[PlyCount "54"]
[EventDate "2010.01.02"]
[EventType "swiss"]
[EventRounds "7"]
[EventCountry "ITA"]
[SourceTitle "EXT 2011"]
[Source "ChessBase"]
[SourceDate "2010.11.26"]
[SourceVersion "1"]
[SourceVersionDate "2010.11.26"]
[SourceQuality "1"]

1. c4 c5 2. Nc3 Nc6 3. Nf3 Nf6 4. d4 cxd4 5. Nxd4 d6 6. e4 Qa5 7. Nxc6 bxc6 8. Bd3 g6 9. Bd2 Qc7 10. Qc1 h5 11. 0-0 Bg7 12. f4 Ng4 13. Rb1 Qb6+ 14. Kh1 Nf2+ 15. Rxf2 Qxf2 16. Be3 Qh4 17. b4 0-0 18. b5 c5 19. a4 Bb7 20. a5 a6 21. b6 e6 22. Qd2 Qe7 23. Nb5 Rfc8 24. Nc3 Rd8 25. f5 Bxc3 26. Qxc3 exf5 27. Bg5 Qxg5 0-1